Diccionario de uso del español / (Record no. 169168)

MARC details
000 -LEADER
campo de control de longitud fija 00786nam a22002295i 4500
001 - NÚMERO DE CONTROL
campo de control 169168
003 - IDENTIFICADOR DE NÚMERO DE CONTROL
campo de control ES-MaACL
005 - FECHA Y HORA DE LA ÚLTIMA TRANSACCIÓN
campo de control 20240221135204.0
008 - DATOS DE LONGITUD FIJA--INFORMACIÓN GENERAL
campo de control de longitud fija 080821s2007 sp |||| | spa d
020 ## - NÚMERO INTERNACIONAL ESTÁNDAR DEL LIBRO
Número Internacional Estándar del Libro 978-84-249-2886-5
080 ## - NÚMERO DE LA CLASIFICACIÓN DECIMAL UNIVERSAL
Número de la Clasificación Decimal Universal (038)=134.2
100 1# - ENTRADA PRINCIPAL--NOMBRE DE PERSONA
Nombre de persona Moliner, María,
Fechas asociadas al nombre 1900-1981
9 (RLIN) 81987
245 10 - MENCIÓN DEL TÍTULO
Título Diccionario de uso del español /
Mención de responsabilidad, etc. María Moliner.
250 ## - MENCION DE EDICION
Mención de edición 3ª ed.
260 ## - PUBLICACIÓN, DISTRIBUCIÓN, ETC.
Lugar de publicación, distribución, etc. Madrid :
Nombre del editor, distribuidor, etc. Gredos,
Fecha de publicación, distribución, etc. 2007.
300 ## - DESCRIPCIÓN FÍSICA
Extensión 2 v. ;
Dimensiones 26 cm.
650 #4 - PUNTO DE ACCESO ADICIONAL DE MATERIA--TÉRMINO DE MATERIA
Término de materia o nombre geográfico como elemento de entrada Lengua española-
Subdivisión de forma Diccionarios.
9 (RLIN) 14137
852 4# - LOCALIZACIÓN
Ubicación ES-MaACL
Número de control de estantería A-15173
itemnumber 175812
Sublocalización o colección R.142975
Ubicación en estantería Depósito 1
Signatura antigua Olim: DIC L 134.2 MOL
-- Olim: Meseton
Designación de la unidad física Vol.1
852 4# - LOCALIZACIÓN
Ubicación ES-MaACL
Número de control de estantería A-15174
Sublocalización o colección R.142975
Ubicación en estantería Depósito 1
Signatura antigua Olim: DIC L 134.2 MOL
-- Olim: Meseton
Designación de la unidad física Vol.2
itemnumber 175813
942 ## - ELEMENTOS DE ENTRADA SECUNDARIOS (KOHA)
Fuente del sistema de clasificación o colocación Clasificación decimal universal
Holdings
Estatus retirado Estado de pérdida Fuente del sistema de clasificación o colocación Estado de daño No para préstamo Colección Biblioteca de origen Biblioteca actual Ubicación en estantería Fecha de adquisición Fuente de adquisición Enumeración/cronología de publicación seriada Total de préstamos Signatura topográfica completa Código de barras Visto por última vez Precio de reemplazo Tipo de ítem Koha
    Clasificación decimal universal     Colección de referencia Biblioteca del Ateneo de Madrid Biblioteca del Ateneo de Madrid Depósito 1 21/08/2008 Compra v.1   A-15173 1177611 23/02/2023 23/02/2023 Libro impreso
    Clasificación decimal universal     Colección de referencia Biblioteca del Ateneo de Madrid Biblioteca del Ateneo de Madrid Depósito 1 25/08/2022 Compra v.2   A-15174 1203193 23/02/2023 23/02/2023 Libro impreso